| 000 | 01002nam a2200205 a 4500 | ||
|---|---|---|---|
| 008 | 061215s2006 ||||||||||||||||| || u | ||
| 050 | _aZAM.PER CEP(01) | ||
| 110 | _aCopperbelt Environment Project(CEP) | ||
| 245 | 1 | 0 | _aEnvironmental Public information centres |
| 246 | _awhat you need to know | ||
| 260 |
_aKitwe _bCEP _c2006 |
||
| 300 | _a7p.; ill. | ||
| 350 | _a0.00 | ||
| 650 | _aENVIRONMENT | ||
| 650 | 7 |
_aENVIRONMENTAL MANAGEMENT _2unbist |
|
| 650 | _aENVIRONMENTAL PROTECTION--PERIODICALS | ||
| 995 |
_aSPECIAL COLLECTIONS _D0.00 _eZAM.PER CEP(01) _FCBU-MAIN LIBRARY (Kitwe) _H1 _I0.00 _jZAM.PER CEP(01) _UAVAILABLE _WDec 15, 2006 _yZ03001585 _ZZambiana Collection |
||
| 995 |
_aSPECIAL COLLECTIONS _D0.00 _eZAM.PER CEP(01) _FCBU-MAIN LIBRARY (Kitwe) _H1 _I0.00 _jZAM.PER CEP(01) _UAVAILABLE _WDec 15, 2006 _yZ03001587 _ZZambiana Collection |
||
| 995 |
_aSPECIAL COLLECTIONS _D0.00 _eZAM.PER CEP(01) _FCBU-MAIN LIBRARY (Kitwe) _H1 _I0.00 _jZAM.PER CEP(01) _UAVAILABLE _WDec 15, 2006 _yZ03001586 _ZZambiana Collection |
||
| 999 |
_c62757 _d62757 |
||